01208nam a2200277Ia 4500001001000000003000500010008004100015010001100056040000900067090002100076100004600097245026000143260003400403300002300437502010500460700004900565710005800614901002100672902000600693905006300699910000900762942000900771942001200780999001900792952011900811Para_9970CHAP220125sDici xx 000 0 und d a208675 cCHAP aPA CD - TESIS 55 aNájera Jantes, Kristian Augusto9175092 aControl biológico de chapulín diferencial (Melanoplus differentialis) con Metarhizium anisopliae var. acridum en la zona federal del exlago de Texcoco, Texcoco Estado de México /c Kristian Augusto Nájera Jantes; Director Rodolfo Campos Bolaños aChapingo, Méx. :b el autor a1 CDS ROM (s/n p.) aTesis (Ing. Agr. Esp. en Parasitología Agrícola). UACh. Departamento Parasitología Agrícola aCampos Bolaños, Rodolfo. Director9175074 aUACh. Departamento Parasitología Agrícola9164025 aPA CD - TESIS 55 aM a513220Diciembre, 2010 8100000000 06 aDici cPARA cPARAd2 c208675d208675 00102local4051708TESISaPAbPAc10d2014-10-17fPARAl0pPA_010118r2022-01-25 00:00:00t1w2022-01-25yTDz3